Statistiche per Quiz sulla Danimarca

Clicka qui per fare il quiz!

Statistiche generali

  • Questo quiz è stato fatto 933 volte
  • Il punteggio medio è 11 su 23

Statistiche sulle risposte

DomandaRisposta% Corretto
Lingua ufficialeDanese
98%
CapitaleCopenaghen
89%
Nazione confinanteGermania
85%
Isola più grande al mondoGroenlandia
80%
Mari che bagnano la DanimarcaMare del Nord
70%
Mari che bagnano la DanimarcaMar Baltico
66%
La più famosa azienda di giocattoli daneseLego
65%
ValutaCorona
61%
Statua nel porto della capitaleSirenetta
59%
Commedia di Shakespeare ambientata in DanimarcaAmleto
51%
Gruppo di isole dell'Atlantico settentrionaleFær Øer
44%
Scrittore di fiabeHans Christian
Andersen
42%
Ramo del cristianesimo più seguitoLuterano
38%
Penisola che costituisce la parte continentale del paeseJutland
35%
Esploratore e cartografo, esiste uno stretto che porta il suo nomeVitus Bering
34%
Seconda città più grandeAarhus
27%
Nome nella lingua ufficialeDanmark
26%
Filosofo esistenzialeSøren Kierkegaard
26%
Uno dei marchi di birra più famosi al mondoCarlsberg
24%
Parco divertimenti inaugurato nel 1843Giardini di {Tivoli}
24%
Quartiere parzialmente autogovernato della capitaleChristiania
23%
Attuale sovranoFederico X
23%
Isola più popolosaZelanda
17%

Distribuzione punteggi

Percentile per numero di risposta

Percentuale di utenti per punteggio

I tuoi punteggi nel tempo

Non hai fatto questo quiz